Sports law / (Record no. 93311)

MARC details
000 -LEADER
fixed length control field 00535nam a22001817a 4500
005 - DATE AND TIME OF LATEST TRANSACTION
control field 20150623120548.0
010 ## - LCCN (DPL NO)
LC control number ENG-112862
020 ## - INTERNATIONAL STANDARD BOOK NUMBER
Terms of availability 325.00
International Standard Book Number 9789350354384
035 ## - SYSTEM CONTROL NUMBER
System control number EN-96394
037 ## - SOURCE OF ACQUISITION
Source of stock number/acquisition DBAD/PUB
082 ## - DEWEY DECIMAL CLASSIFICATION NUMBER
Classification number 344.54099
100 ## - MAIN ENTRY--PERSONAL NAME
Personal name Anujaya Krishna
245 ## - TITLE STATEMENT
Title Sports law /
Statement of responsibility, etc by Anujaya Krishna
260 ## - PUBLICATION, DISTRIBUTION, ETC. (IMPRINT)
Place of publication, distribution, etc New Delhi
Name of publisher, distributor, etc Universal Law Publishing
Date of publication, distribution, etc 2014
270 ## - ADDRESS
Address A-58, G.T. Karnal Road Industrial Area,
City Delhi
Postal code 110033
300 ## - PHYSICAL DESCRIPTION
Extent xix, 180p.
Dimensions 24cm(pbk)
942 ## - ADDED ENTRY ELEMENTS (KOHA)
Source of classification or shelving scheme Dewey Decimal Classification
Item type English Books
Call number suffix ANU
Classification part 344.54099
Holdings
Withdrawn status Lost status Not for loan Collection code Home library Current library Date acquired Source of acquisition Cost, normal purchase price Full call number Barcode Copy number Cost, replacement price Koha item type
    Not For Loan Non-fiction D.B.Act.Division D.B.Act.Division 05/05/2015 DBAD/PUB 325.00 344.54099 ANU EN-96394 1 325.00 English Books

© Delhi Public Library
Hit Counter
free hit counter